[Event "BRA-ch North-Northeast U1800"]
[Site "Fortaleza"]
[Date "2019.04.28"]
[Round "6.13"]
[White "Carneiro, Jose Gildivan"]
[Black "De Souza, Paulo H Pinheiro"]
[Result "0-1"]
[WhiteElo "1617"]
[BlackElo "1630"]
[PlyCount "70"]
[EventDate "2019.04.26"]
[EventType "swiss"]
[EventRounds "6"]
[EventCountry "BRA"]
[SourceTitle "EXT 2022"]
[Source "ChessBase"]
[SourceDate "2021.10.06"]
[SourceVersion "1"]
[SourceVersionDate "2021.10.06"]
[SourceQuality "1"]

1. Nf3 Nf6 2. g3 b6 3. Bg2 Bb7 4. 0-0 c5 5. c4 e6 6. Nc3 Be7 7. a3 Nc6 8. Rb1 0-0 9. Ne5 Nxe5 10. Bxb7 Rb8 11. Bg2 Nxc4 12. Qa4 d5 13. e4 Ne5 14. exd5 exd5 15. Qxa7 Ra8 16. Qb7 Rb8 17. Qa6 c4 18. Qb5 Bc5 19. b3 cxb3 20. Qxb3 Ra8 21. Qc2 Re8 22. Qd1 Nd3 23. Qf3 Nxf2 24. Rxf2 Re1+ 25. Bf1 Bxf2+ 26. Qxf2 Rxc1 27. Qxb6 Qxb6+ 28. Rxb6 h6 29. a4 Ne4 30. Nxe4 dxe4 31. Rb4 Rd8 32. Kf2 Rxd2+ 33. Ke3 Rdd1 34. Bb5 Re1+ 35. Kf2 Ra1 0-1

[Event "BRA-ch sf Reg2 83rd"]
[Site "Natal"]
[Date "2016.11.12"]
[Round "1"]
[White "Carneiro, Jose Gildivan"]
[Black "Jordao Barbosa, Marcio Ferre"]
[Result "0-1"]
[WhiteElo "1615"]
[BlackElo "2056"]
[PlyCount "29"]
[EventDate "2016.11.12"]
[EventType "swiss"]
[EventRounds "7"]
[EventCountry "BRA"]
[SourceTitle "EXT 2018"]
[Source "ChessBase"]
[SourceDate "2017.10.13"]
[SourceVersion "1"]
[SourceVersionDate "2017.10.13"]
[SourceQuality "1"]

1. Nf3 f5 2. g3 b6 3. Bg2 Bb7 4. 0-0 Nf6 5. c4 e6 6. b3 Be7 7. Bb2 0-0 8. Nc3 Qe8 9. d4 Qh5 10. Qd2 Ne4 11. Qf4 d6 12. Rfe1 Nd7 13. h4 g5 14. Nxg5 Nxg5 15. Bxb7 0-1

[Event "BRA-ch Amateur U1800"]
[Site "Sao Paulo"]
[Date "2016.05.28"]
[Round "5"]
[White "Carneiro, Jose Gildivan"]
[Black "Mangini, Bruno Fernandes"]
[Result "1-0"]
[WhiteElo "1619"]
[BlackElo "1758"]
[PlyCount "35"]
[EventDate "2016.05.26"]
[EventType "swiss"]
[EventRounds "7"]
[EventCountry "BRA"]
[SourceTitle "EXT 2019"]
[Source "ChessBase"]
[SourceDate "2018.10.10"]
[SourceVersion "1"]
[SourceVersionDate "2018.10.10"]
[SourceQuality "1"]

1. d4 Nf6 2. c4 c5 3. d5 b5 4. cxb5 a6 5. f3 axb5 6. e4 Qa5+ 7. Bd2 b4 8. Na3 Ba6 9. Nc4 Bxc4 10. Bxc4 d6 11. a4 g6 12. Bb5+ Nbd7 13. Ne2 Bg7 14. Rb1 0-0 15. 0-0 Nb6 16. b3 Nc8 17. Qc1 Na7 18. Bc4 1-0

[Event "BRA-ch Amateur U1800"]
[Site "Sao Paulo"]
[Date "2016.05.27"]
[Round "3"]
[White "Cabral Mesquita, Jussier"]
[Black "Carneiro, Jose Gildivan"]
[Result "0-1"]
[WhiteElo "1793"]
[BlackElo "1619"]
[PlyCount "102"]
[EventDate "2016.05.26"]
[EventType "swiss"]
[EventRounds "7"]
[EventCountry "BRA"]
[SourceTitle "EXT 2019"]
[Source "ChessBase"]
[SourceDate "2018.10.10"]
[SourceVersion "1"]
[SourceVersionDate "2018.10.10"]
[SourceQuality "1"]

1. d4 Nf6 2. c4 g6 3. f3 Bg7 4. e4 d6 5. Be3 0-0 6. Bd3 c5 7. Ne2 cxd4 8. Bxd4 Nc6 9. Bc3 Bd7 10. 0-0 Ne8 11. Kh1 Ne5 12. Bxe5 Bxe5 13. Nbc3 Bc6 14. Qd2 Nc7 15. f4 Bg7 16. Ng3 Bh6 17. Qc2 e6 18. f5 Qh4 19. Qf2 Bg7 20. Rae1 Be5 21. Nce2 Bxb2 22. Nd4 gxf5 23. Qxb2 f4 24. Nge2 e5 25. Nf5 Qg5 26. Rf3 Ne6 27. g3 Nc5 28. gxf4 Nxd3 29. fxg5 Nxb2 30. Nc3 Nxc4 31. h4 b5 32. Rd1 Bd7 33. Nxd6 Bg4 34. Rfd3 Bxd1 35. Rxd1 Nxd6 36. Rxd6 a6 37. Nd5 f5 38. Nf6+ Kg7 39. exf5 Rfd8 40. Nh5+ Kh8 41. Rh6 Rd7 42. Nf6 Rf7 43. h5 e4 44. Nxe4 Rxf5 45. Nf6 Ra7 46. Ne4 Re5 47. Nd6 Rxg5 48. Nc8 Rag7 49. Nd6 Rg4 50. Nf5 R7g5 51. Ne7 Rh4# 0-1

[Event "Pan American Amateur-ch"]
[Site "Curitiba"]
[Date "2015.12.17"]
[Round "3"]
[White "Vieira, Paulo Cesar"]
[Black "Carneiro, Jose Gildivan"]
[Result "1/2-1/2"]
[WhiteElo "1878"]
[BlackElo "1623"]
[PlyCount "74"]
[EventDate "2015.12.16"]
[EventType "swiss"]
[EventRounds "9"]
[EventCountry "BRA"]
[SourceTitle "CBM 170 Extra"]
[Source "ChessBase"]
[SourceDate "2016.02.25"]
[SourceVersion "1"]
[SourceVersionDate "2016.02.25"]
[SourceQuality "1"]

1. e4 e5 2. Nf3 d6 3. Bc4 Be7 4. d4 exd4 5. c3 Nf6 6. Qb3 0-0 7. e5 dxe5 8. Nxe5 Qe8 9. cxd4 Nc6 10. Nxc6 Qxc6 11. 0-0 a6 12. a4 Qd6 13. Re1 Ng4 14. g3 Qxd4 15. Be3 Nxe3 16. Rxe3 Qf6 17. Nc3 c6 18. Rae1 b5 19. Rxe7 bxc4 20. Qxc4 Be6 21. Qc5 Rad8 22. Rc7 Qf3 23. Qxc6 Bd5 24. Nxd5 Qxd5 25. Qxd5 Rxd5 26. Ree7 Rd1+ 27. Kg2 Rb1 28. Rb7 a5 29. Re5 Ra8 30. Reb5 g6 31. Rb8+ Rxb8 32. Rxb8+ Kg7 33. Rb5 h5 34. h4 Kh6 35. Kf3 Kg7 36. Kf4 Kf6 37. f3 Ke6 1/2-1/2

[Event "Mossoroense-ch"]
[Site "Mossoro"]
[Date "2015.11.29"]
[Round "7.3"]
[White "Carneiro, Jose Gildivan"]
[Black "Oliveira, Raimundo Luiz"]
[Result "0-1"]
[WhiteElo "1623"]
[BlackElo "1775"]
[PlyCount "63"]
[EventDate "2015.11.25"]
[EventType "tourn"]
[EventRounds "7"]
[EventCountry "BRA"]
[SourceTitle "EXT 2022"]
[Source "ChessBase"]
[SourceDate "2021.10.06"]
[SourceVersion "1"]
[SourceVersionDate "2021.10.06"]
[SourceQuality "1"]

1. Nf3 Nf6 2. g3 d5 3. Bg2 Bg4 4. 0-0 c5 5. c4 Qc7 6. b3 Nc6 7. Re1 e5 8. d3 Be7 9. Bb2 0-0 10. Nbd2 Rad8 11. Rc1 e4 12. dxe4 Nxe4 13. Nxe4 dxe4 14. Nd2 Bg5 15. Bc3 Nb4 16. Ra1 e3 17. fxe3 Rd6 18. Bxb4 cxb4 19. h3 Bxe3+ 20. Kh2 Rxd2 21. Qb1 Bh5 22. Qe4 Bf2 23. Qf4 Qxf4 24. gxf4 Bxe1 25. Rxe1 Bxe2 26. Kg3 b6 27. Bf3 Bxf3 28. Kxf3 Rxa2 29. Re3 Rd8 30. Kg4 g6 31. Kg5 Kg7 32. h4 0-1

[Event "Potiguar-ch sf"]
[Site "Natal"]
[Date "2015.09.05"]
[Round "3.24"]
[White "Fernandes, Pedro Guilherme Mun"]
[Black "Carneiro, Jose Gildivan"]
[Result "1-0"]
[WhiteElo "1370"]
[BlackElo "1646"]
[PlyCount "75"]
[EventDate "2015.09.04"]
[EventType "swiss"]
[EventRounds "7"]
[EventCountry "BRA"]
[SourceTitle "EXT 2022"]
[Source "ChessBase"]
[SourceDate "2021.10.06"]
[SourceVersion "1"]
[SourceVersionDate "2021.10.06"]
[SourceQuality "1"]

1. e4 c5 2. Nf3 Nc6 3. d4 cxd4 4. Nxd4 g6 5. Be3 Bg7 6. Nc3 Nf6 7. f3 0-0 8. Qd2 d5 9. 0-0-0 dxe4 10. fxe4 Ng4 11. Nxc6 Qxd2+ 12. Rxd2 bxc6 13. Nd1 Nxe3 14. Nxe3 Bh6 15. Rd3 Ba6 16. Rc3 Bxf1 17. Rxf1 Rfd8 18. Rd1 Rxd1+ 19. Kxd1 Rd8+ 20. Ke2 Rd6 21. Ra3 Re6 22. Ra4 f5 23. Kf3 fxe4+ 24. Rxe4 Rxe4 25. Kxe4 Bxe3 26. Kxe3 Kf7 27. Kd4 Ke6 28. c4 Kf6 29. b4 e5+ 30. Ke3 a6 31. h3 h5 32. a4 Ke6 33. Ke4 h4 34. b5 Kd6 35. bxa6 Kc7 36. a7 Kb7 37. a8Q+ Kxa8 38. Kxe5 1-0

[Event "American Continental 10th"]
[Site "Praia da Pipa"]
[Date "2014.10.25"]
[Round "10"]
[White "Pereira Fo, Hildebrando Apolon"]
[Black "Carneiro, Jose Gildivan"]
[Result "1-0"]
[WhiteElo "1803"]
[BlackElo "1636"]
[PlyCount "130"]
[EventDate "2014.10.18"]
[EventType "swiss"]
[EventRounds "11"]
[EventCountry "BRA"]
[SourceTitle "EXT 2015"]
[Source "ChessBase"]
[SourceDate "2014.11.20"]
[SourceVersion "1"]
[SourceVersionDate "2014.11.20"]
[SourceQuality "1"]

1. c4 g6 2. Nc3 Bg7 3. Nf3 Nf6 4. e3 d6 5. Be2 0-0 6. 0-0 Nc6 7. a3 Bd7 8. d3 e5 9. Qc2 Re8 10. h3 a6 11. Bd2 h6 12. Nh2 Bf5 13. Bf3 Qd7 14. Nd5 Be6 15. Bc3 Rab8 16. Bg4 Nxg4 17. Nxg4 Bxg4 18. hxg4 Ne7 19. f3 Nxd5 20. cxd5 Qb5 21. e4 Qc5+ 22. Qf2 Qxf2+ 23. Kxf2 g5 24. Rac1 Bf6 25. Rh1 Kg7 26. g3 Bd8 27. Ba5 c5 28. Bd2 b5 29. b3 Bb6 30. Ke2 a5 31. Rh5 f6 32. f4 Kg6 33. Kf3 Ra8 34. Rh2 Rec8 35. Be3 Ra6 36. Rhc2 Rh8 37. Rh1 Bd8 38. Bd2 Ra7 39. Bc1 Bb6 40. Bb2 a4 41. b4 Rc7 42. Rhh2 Rhc8 43. bxc5 Bxc5 44. Rhd2 gxf4 45. gxf4 exf4 46. d4 Bb6 47. Rxc7 Rxc7 48. Kxf4 Rc4 49. Ke3 Ba5 50. Rg2 Bc3 51. Kd3 Bxb2 52. Rxb2 Rc1 53. Rxb5 Rg1 54. Rb6 Rg3+ 55. Kc2 Re3 56. e5 dxe5 57. d6 Rb3 58. Rxb3 axb3+ 59. Kxb3 Kf7 60. dxe5 fxe5 61. Kc4 Ke6 62. d7 Kxd7 63. Kd5 Kc7 64. Kxe5 Kb6 65. Kf5 Kb5 1-0

[Event "American Continental 10th"]
[Site "Praia da Pipa"]
[Date "2014.10.24"]
[Round "9"]
[White "Carneiro, Jose Gildivan"]
[Black "Farias, Edilsom"]
[Result "0-1"]
[WhiteElo "1636"]
[BlackElo "1874"]
[PlyCount "62"]
[EventDate "2014.10.18"]
[EventType "swiss"]
[EventRounds "11"]
[EventCountry "BRA"]
[SourceTitle "EXT 2015"]
[Source "ChessBase"]
[SourceDate "2014.11.20"]
[SourceVersion "1"]
[SourceVersionDate "2014.11.20"]
[SourceQuality "1"]

1. d4 Nf6 2. Bf4 e6 3. Nf3 c5 4. e3 Qb6 5. Nc3 Nc6 6. h3 cxd4 7. Nb5 Nd5 8. Bd6 dxe3 9. fxe3 Qxe3+ 10. Qe2 Bxd6 11. Nxd6+ Ke7 12. Nc4 Qxe2+ 13. Bxe2 Nf4 14. Bf1 d5 15. Ncd2 Bd7 16. 0-0-0 Rac8 17. a3 Rhd8 18. g3 Ng6 19. Bg2 Nge5 20. Ne1 Nd4 21. Ndf3 Nexf3 22. Bxf3 Nxf3 23. Nxf3 Rc7 24. Rd2 Rdc8 25. Rhh2 Ba4 26. b3 Bxb3 27. Nd4 Ba4 28. Rhe2 Kf8 29. Rf2 Ke7 30. Rde2 Kd6 31. Rf4 Be8 0-1

[Event "American Continental 10th"]
[Site "Praia da Pipa"]
[Date "2014.10.22"]
[Round "7"]
[White "Carneiro, Jose Gildivan"]
[Black "Gomes, Carlos Henrique Cal"]
[Result "1/2-1/2"]
[WhiteElo "1636"]
[BlackElo "1888"]
[PlyCount "49"]
[EventDate "2014.10.18"]
[EventType "swiss"]
[EventRounds "11"]
[EventCountry "BRA"]
[SourceTitle "EXT 2015"]
[Source "ChessBase"]
[SourceDate "2014.11.20"]
[SourceVersion "1"]
[SourceVersionDate "2014.11.20"]
[SourceQuality "1"]

1. d4 d5 2. Bf4 Nf6 3. Nf3 e6 4. h3 c5 5. e3 Nc6 6. Be2 Qb6 7. Nc3 a6 8. Rb1 cxd4 9. exd4 Bb4 10. a3 Be7 11. 0-0 0-0 12. Re1 Rd8 13. Bf1 Bd6 14. Bxd6 Rxd6 15. Na4 Qc7 16. Rc1 Qd8 17. Nc5 b6 18. Nd3 Bb7 19. Nde5 Nd7 20. Bd3 f6 21. Bxh7+ Kxh7 22. Ng5+ fxg5 23. Qh5+ Kg8 24. Qf7+ Kh7 25. Qh5+ 1/2-1/2

[Event "American Continental 10th"]
[Site "Praia da Pipa"]
[Date "2014.10.18"]
[Round "1"]
[White "Carneiro, Jose Gildivan"]
[Black "Palacio, Igor Da Paz"]
[Result "0-1"]
[WhiteElo "1636"]
[BlackElo "2130"]
[PlyCount "116"]
[EventDate "2014.10.18"]
[EventType "swiss"]
[EventRounds "11"]
[EventCountry "BRA"]
[SourceTitle "EXT 2015"]
[Source "ChessBase"]
[SourceDate "2014.11.20"]
[SourceVersion "1"]
[SourceVersionDate "2014.11.20"]
[SourceQuality "1"]

1. d4 Nf6 2. Bf4 d5 3. Nf3 Bf5 4. h3 e6 5. Nh4 Bd6 6. Bxd6 Qxd6 7. Nxf5 exf5 8. a3 0-0 9. Nc3 Re8 10. Qd3 Ne4 11. Qf3 Nc6 12. 0-0-0 Qh6+ 13. e3 Nxc3 14. bxc3 Qd6 15. Qxf5 Qxa3+ 16. Kd2 Ne7 17. Qd7 Rad8 18. Qb5 Nc8 19. Qb4 Qxb4 20. cxb4 Nd6 21. Bd3 a6 22. Ra1 f5 23. f3 Rf8 24. Rhe1 c6 25. c3 Rde8 26. g3 Re6 27. Re2 Rh6 28. Rh1 Ra8 29. Reh2 a5 30. Ra1 a4 31. h4 b5 32. Ra3 Re8 33. Ra1 Rhe6 34. Re2 Kf7 35. f4 g6 36. Ree1 Kg7 37. Re2 R6e7 38. Ra2 Kh6 39. Ra1 Kh5 40. Rg1 Kg4 41. Rh2 Nc4+ 42. Bxc4 dxc4 43. Re2 Kf3 44. g4 fxg4 45. Rf1+ Ke4 46. f5 gxf5 47. Rf4+ Kd5 48. Rxf5+ Kd6 49. Rf4 Rg7 50. Rg2 h5 51. e4 Ke6 52. Rf5 Ra8 53. Rxh5 a3 54. Kc1 a2 55. d5+ cxd5 56. exd5+ Kd7 57. Rxa2 Rxa2 58. Rg5 Rf7 0-1

[Event "Carvalho Memorial op 9th"]
[Site "Juazeiro do Norte"]
[Date "2014.09.21"]
[Round "6"]
[White "Carneiro, Jose Gildivan"]
[Black "Gomes, Jose Murilo"]
[Result "0-1"]
[WhiteElo "1636"]
[BlackElo "1871"]
[PlyCount "80"]
[EventDate "2014.09.19"]
[EventType "swiss"]
[EventRounds "6"]
[EventCountry "BRA"]
[SourceTitle "CBM 162 Extra"]
[Source "ChessBase"]
[SourceDate "2014.10.17"]
[SourceVersion "1"]
[SourceVersionDate "2014.10.17"]
[SourceQuality "1"]

1. d4 d5 2. Nf3 Nf6 3. Bg5 e6 4. Nbd2 Be7 5. e3 0-0 6. c4 c6 7. Bd3 dxc4 8. Nxc4 Nd5 9. Bxe7 Qxe7 10. 0-0 c5 11. Rc1 cxd4 12. Nxd4 Bd7 13. Ne5 Qd6 14. f4 Nxe3 15. Bxh7+ Kxh7 16. Qh5+ Kg8 17. Rf3 Qxd4 18. Kh1 Bc6 19. Nxc6 Nxc6 20. Rh3 f5 21. Qh7+ Kf7 22. Qh5+ Ke7 23. Qg5+ Qf6 24. Rxe3 Qxg5 25. fxg5 Rad8 26. Re2 Rd5 27. h4 Rfd8 28. Kh2 Rd4 29. g3 Rd2 30. Rce1 Rxe2+ 31. Rxe2 g6 32. Kh3 Rd3 33. Rg2 f4 34. Kg4 Rxg3+ 35. Rxg3 fxg3 36. Kxg3 Nd4 37. h5 gxh5 38. Kh4 e5 39. Kxh5 e4 40. g6 e3 0-1

[Event "Carvalho Memorial op 9th"]
[Site "Juazeiro do Norte"]
[Date "2014.09.19"]
[Round "2"]
[White "Schade, Denise Patricia Oli"]
[Black "Carneiro, Jose Gildivan"]
[Result "0-1"]
[WhiteElo "1737"]
[BlackElo "1636"]
[PlyCount "86"]
[EventDate "2014.09.19"]
[EventType "swiss"]
[EventRounds "6"]
[EventCountry "BRA"]
[SourceTitle "CBM 162 Extra"]
[Source "ChessBase"]
[SourceDate "2014.10.17"]
[SourceVersion "1"]
[SourceVersionDate "2014.10.17"]
[SourceQuality "1"]

1. e4 e5 2. Nf3 Nc6 3. c3 Nf6 4. d3 d5 5. exd5 Nxd5 6. Qe2 Bd6 7. g3 0-0 8. Bg2 Re8 9. 0-0 Bg4 10. Nbd2 Nf6 11. Ne4 Nxe4 12. Qxe4 Qd7 13. Ng5 Bf5 14. Qe3 Be7 15. Ne4 Bh3 16. b3 Bxg2 17. Kxg2 Rad8 18. Rd1 f5 19. Nc5 Qd5+ 20. Ne4 fxe4 21. Bb2 exd3+ 22. Kg1 Bc5 23. Qd2 Rf8 24. Rf1 Rf3 25. c4 Qf7 26. Rae1 Rf8 27. Kg2 Rxf2+ 28. Rxf2 Qxf2+ 29. Qxf2 Rxf2+ 30. Kh3 Rxb2 31. Rf1 d2 32. Kg4 Rc2 33. Kf5 Rc1 34. Rxc1 dxc1Q 35. Ke6 Qh6+ 36. Kd5 Qd6+ 37. Ke4 Qd4+ 38. Kf5 Ne7+ 39. Kg5 Qf2 40. Kg4 Qxh2 41. b4 h5+ 42. Kf3 Qf2+ 43. Ke4 Qe3# 0-1

[Event "Potiguar-ch"]
[Site "Natal"]
[Date "2014.08.16"]
[Round "3"]
[White "Macedo, Alexandre Soares"]
[Black "Carneiro, Jose Gildivan"]
[Result "1-0"]
[WhiteElo "1873"]
[BlackElo "1639"]
[PlyCount "83"]
[EventDate "2014.08.15"]
[EventType "swiss"]
[EventRounds "9"]
[EventCountry "BRA"]
[SourceTitle "CBM 162 Extra"]
[Source "ChessBase"]
[SourceDate "2014.10.17"]
[SourceVersion "1"]
[SourceVersionDate "2014.10.17"]
[SourceQuality "1"]

1. d4 d5 2. c4 e6 3. Nf3 c6 4. cxd5 exd5 5. Nc3 Nf6 6. Bg5 Be7 7. e3 Bf5 8. Bd3 Bxd3 9. Qxd3 Nbd7 10. 0-0 0-0 11. Ne5 Nxe5 12. dxe5 Ng4 13. Bxe7 Qxe7 14. f4 f6 15. h3 Nh6 16. exf6 Rxf6 17. e4 dxe4 18. Nxe4 Rf5 19. Rae1 Qb4 20. Qc2 Rxf4 21. Ng5 Nf5 22. Ne4 Rxf1+ 23. Kxf1 Rf8 24. Qb1 Ng3+ 25. Kg1 Qxe1+ 26. Qxe1 Rf1+ 27. Qxf1 Nxf1 28. Kxf1 Kf8 29. Ke2 Ke7 30. Ke3 b6 31. Kd4 h6 32. Ke5 a5 33. b3 b5 34. Nc5 g5 35. g4 Kf7 36. Kd6 Kg6 37. Kxc6 h5 38. Kxb5 hxg4 39. hxg4 Kf6 40. Kxa5 Ke5 41. b4 Kf4 42. Ne6+ 1-0